Cosas imposibles /
Una mujer de alrededor de 60 años queda viuda, aunque el fantasma de su esposo se le sigue apareciendo para recordarle el desprecio y la violencia que vivió junto a él. Sola y con dificultades para cobrar su pensión, hace amistad con un joven de su mismo vecindario, un hábil comerciante quien le ayu...
保存先:
| 第一著者: | |
|---|---|
| その他の著者: | , , , , , , , , |
| フォーマット: | |
| 言語: | スペイン語 |
| 出版事項: |
México :
Alebrije Cine y Video,
2021, c2021
|
| 主題: | |
| タグ: |
タグなし, このレコードへの初めてのタグを付けませんか!
|
MARC
| LEADER | 00000ngm^a2200000^a^4500 | ||
|---|---|---|---|
| 001 | 000455453 | ||
| 005 | 20250521000000.0 | ||
| 009 | 20260310123955.677 | ||
| 037 | |a Acervo ITESO - Biblioteca | ||
| 041 | |a ESP | ||
| 082 | |a 860. |b CON | ||
| 100 | |a Contreras, Ernesto |e (realización) | ||
| 240 | 1 | 1 | |a [Cosas imposibles] |
| 245 | 1 | 0 | |a Cosas imposibles / |c Realización de E. Contreras. |
| 264 | 4 | |a México : |b Alebrije Cine y Video, |c 2021, c2021 | |
| 264 | 2 | |a México : |b Zima Entertainment [distribución], |c copyright fecha no identificada | |
| 300 | |a 1 DVD regiones 1 y 4 (89 min.) : |b color | ||
| 336 | |a imagen móvil bidimensional |b tdi |2 rdacontenido | ||
| 337 | |a video |b v |2 rdamedio | ||
| 338 | |a videodisco |b vd |2 rdasoporte | ||
| 520 | |a Una mujer de alrededor de 60 años queda viuda, aunque el fantasma de su esposo se le sigue apareciendo para recordarle el desprecio y la violencia que vivió junto a él. Sola y con dificultades para cobrar su pensión, hace amistad con un joven de su mismo vecindario, un hábil comerciante quien le ayudará a desprenderse de sus viejas angustias y a reencontrar su interés por vivir. | ||
| 586 | |a Premio Ariel, de la Academia Mexicana de Cine (64°: 2022): Mejor Película (finalista) | ||
| 586 | |a Premio Ariel, de la Academia Mexicana de Cine (64°: 2022): Mejor Dirección (finalista: Ernesto Contreras) | ||
| 585 | |a Exposición DIA 2024-09 / Hilos del vestuario en el cine mexicano | ||
| 649 | |a XX | ||
| 650 | |a Vecinos en el Cine | ||
| 650 | |a Viudos en el Cine | ||
| 650 | |a Jóvenes en el Cine | ||
| 650 | |a Adultos Maduros en el Cine | ||
| 650 | |a Adultos Maduros - |z México - |x Condiciones Sociales y Culturales | ||
| 650 | |a Fantasmas en el Cine | ||
| 650 | |a Vivienda de Interés Social en el Cine | ||
| 650 | |a Vivienda de Interés Social - |z México | ||
| 650 | |a Melodramas | ||
| 650 | |a Dramas Cinematográficos | ||
| 650 | |a Cine Gay y Lésbico - |z México | ||
| 650 | |a Cine Mexicano - |y 2020-2029 | ||
| 650 | |a Cine Mexicano - |y Siglo XXI | ||
| 650 | |a Alucinaciones | ||
| 650 | |a Tristeza | ||
| 650 | |a Soledad | ||
| 650 | |a Incomunicación | ||
| 650 | |a Amistad - |x Tema Principal | ||
| 650 | |a Machismo | ||
| 650 | |a Violencia Doméstica | ||
| 650 | |a Jubilaciones y Pensiones - |z México | ||
| 650 | |a Narcotráfico - |z México | ||
| 650 | |a Delincuencia Juvenil - |z México | ||
| 650 | |a Problemas Sociales - |z México | ||
| 700 | |a Soto, Fanie |e (guión) | ||
| 700 | |a Gutiérrez Miranda, César |e (fotógrafo) | ||
| 700 | |a García de la Mora, Laura |e (vestuario) | ||
| 700 | |a Macaya, Jorge |e (montaje) | ||
| 700 | |a Reyes, Gus |e (música) | ||
| 700 | |a Sánchez, Andrés |e (música) | ||
| 700 | |a Velázquez, Nora |e (actuación) | ||
| 700 | |a Emmanuel, Benny |e (actuación) | ||
| 700 | |a Garcini, Salvador |e (actuación) | ||
| 910 | |a Fondo General | ||
| 920 | |a Audiovisuales - DVDs | ||
| 940 | |a Películas | ||
| 905 | |a 302 | ||
| 901 | |a 0500367859 |b IT2 |c DVS |i C179016 |u 20250521 | ||
| 902 | |a https://opac.biblio.iteso.mx/vufind/Record/000455453 | ||